| 000 | 00727nam a22002417a 4500 | ||
|---|---|---|---|
| 005 | 20170124110231.0 | ||
| 010 | _aB-077879 | ||
| 020 |
_c00.00 _a812200637 |
||
| 035 | _aB-077879 | ||
| 037 | _bCen Lib/Ret | ||
| 040 |
_aDPL _bEN |
||
| 082 |
_a080 _bTAN |
||
| 100 |
_aTandon, B. N. _941357 |
||
| 245 |
_aPMO diary-I : _cby B. N. Tandon _b prelude to the emergency / |
||
| 246 | _b | ||
| 260 |
_bKonark Publishers _c2003 _aNew Delhi |
||
| 270 |
_bNew Delhi _aA-149, Main Vikas Marg _e110092 |
||
| 300 |
_ali,567p. _c22cm(Hb) |
||
| 500 | _aIncludes index | ||
| 650 |
_aGandhi, Indira, -- 1917-1984 _941358 |
||
| 650 |
_aIndia -- Officials and employees -- Diaries _941359 |
||
| 942 |
_2ddc _cEN _h080 _mTAN |
||
| 999 |
_c134659 _d134659 |
||